Pequeños poetas: Programa de las 900 escuelas, muestra de Poesía 2000
Furkejuvvon:
| Materiálatiipa: | Girji |
|---|---|
| Giella: | espánnjágiella |
| Almmustuhtton: |
Santiago
MINEDUC
2001
|
| Fáttát: | |
| Fáddágilkorat: |
Lasit fáddágilkoriid
Eai fáddágilkorat, Lasit vuosttaš fáddágilkora!
|
MARC
| LEADER | 00000nam a2200000 a 4500 | ||
|---|---|---|---|
| 001 | UCM0175 | ||
| 003 | CL-VaPUC | ||
| 008 | 020125e20010000CL |||||||||||||||||spa|d | ||
| 082 | 0 | 4 | |a Ch861 |b PEQ |2 21 |
| 245 | 1 | 0 | |a Pequeños poetas: Programa de las 900 escuelas, muestra de Poesía 2000 |
| 300 | |a 105 p | ||
| 942 | |c BK | ||
| 945 | |d 20020125 00:00:00 |a cmena | ||
| 260 | |a Santiago |b MINEDUC |c 2001 | ||
| 500 | |a Programa de Mejoramiento de la Calidad de las Escuelas Básicas de Sectores Pobres, P-900 | ||
| 650 | 0 | |a Poesía chilena |9 268403 | |
| 650 | 0 | |a Poesía infantil chilena |9 466867 | |
| 650 | 0 | |a Literatura infantil chilena |9 308785 | |
| 583 | |a last modification |c 20020125 00:00:00 |k Rodrigo Vera | ||
| 999 | |c 299211 |d 299209 | ||
| 952 | |0 0 |1 0 |4 0 |6 CH_861_000000000000000_PEQ_2001 |7 0 |8 A |9 355452 |a BIBEDU |b BIBEDU |d 2019-11-21 |i 3788350 |o Ch861 PEQ 2001 |p 3788350 |r 2019-11-21 |w 2019-11-21 |y BK |k BME | ||